000 01068nam a2200265Ia 4500
003 OSt
005 20221005105050.0
006 a|||||r|||| 00| 0
007 ta
008 221004b |||||||| |||| 00| 0 hin d
020 _a9789380172088 (pbk)
_cINR 180.00
024 _a37622
037 _b1513, 21/02/2018, Bookwell
_cTextual
040 _aCRL
_cCRL
_bhin
041 _2hin
_ahin
082 _aV2:19.P1, 152P9;Q1.2
100 _aदत्त, वी. पी., ले.
245 0 _aबदलती दुनिया में भारत की विदेश नीति . भाग 1
246 _aBadalatī duniyā mean bhārat kī videsh nīti bhāg 1
260 _aदिल्ली
_bहिंदी माध्यम कार्यान्वय निदेशालय भारत
_c2011
490 _vभाग 1
650 _aविश्व-इतिहास
942 _hV2:19.P1, 152P9;Q1.2
_cTEXL
_2cc
999 _c1014656
_d1014656